000 01253nam a22002777a 4500
001 47597
003 BD-RjUL
005 20211209054341.0
008 160809s1989 bg a|||| |||| 00| 0 ben d
020 _c : TK 100.00
035 _a(BD-RjUL)47716
040 _aBD-RjUL
_bben
_cBD-RjUL
041 _aben
082 _223
_a338.04
_bSHI 1989
245 _aশিল্পোদ্যোগ উন্নয়ন /
_cএ.এইচ. এম.হাবিবুর রহমান [ অন্যান্য...]
260 _aঢাকা :
_bবাংলাদেশ বিশ্ববিদ্যালয় মঞ্জুরী কমিশন,
_c১৯৮৯.
300 _a[৭], ২২২ পৃ. :
_bচিত্রাবলী ;
_c২২ সেমি.
650 _a বানিজ্যিক.
_9144650
650 _aEntrepreneurship.
_9132623
700 _aরহ মান, এ. এইচ.এম. হাবিবুর
_9144651
700 _aইসলাম, মোঃ মইনুল
_9144652
700 _aখান, মুঃ আমিরুজ্জামান
_9144653
700 _aআহমেদ, শহীদ উদ্দিন
_9144654
700 _aচৌধুরী, আবদুল মোমিন
_9144655
942 _2ddc
_cBK
999 _c47597
_d47597